000 00911cad a22002295a 4500
001 E150557
008 100727s2010 xxk f 000 0 eng d
035 _a(Sirsi) u150557
041 0 _aeng
050 0 4 _a333.33 $2 18
110 2 _aSavills
_92020
245 0 0 _aEdinburgh office survey
_breview of 2009 and outlook for 2010
_h[electronic resource]
260 _aEdinburgh
_bSavills
_c2010
490 0 _aSavills Edinburgh Office Survey
520 _aSuggests that take-up fell in 2009, and that availability increased, mainly due to speculative developments. Predicts that tenant demand and take-up will increase in 2010.
521 _aAdvanced
590 _aKA
651 4 _aEdinburgh
690 _aPROPERTY-COMMERCIAL PROPERTY-COMMERCIAL PROPERTY MARKET
856 4 0 _uhttps://www.savills.co.uk/research/Report.aspx?nodeID=11125#
_zView the report free of charge at www.savills.co.uk...
942 _n0
999 _c110906
_d110906